UM Logo

Mastering business in Asia : (Record no. 4111)

MARC details
000 -LEADER
fixed length control field 01391cam a2200349 a 4500
001 - CONTROL NUMBER
control field 13916735
003 - CONTROL NUMBER IDENTIFIER
control field OSt
005 - DATE AND TIME OF LATEST TRANSACTION
control field 20160824180339.0
008 - FIXED-LENGTH DATA ELEMENTS--GENERAL INFORMATION
fixed length control field 050331s2005 si a 001 0 eng d
010 ## - LIBRARY OF CONGRESS CONTROL NUMBER
LC control number 2005273779
020 ## - INTERNATIONAL STANDARD BOOK NUMBER
International Standard Book Number 0-470-82112-4 (pbk.)
035 ## - SYSTEM CONTROL NUMBER
System control number (OCoLC)ocm57309364
040 ## - CATALOGING SOURCE
Original cataloging agency SISPL
Transcribing agency SISPL
Modifying agency OCLCQ
-- DLC
042 ## - AUTHENTICATION CODE
Authentication code lccopycat
043 ## - GEOGRAPHIC AREA CODE
Geographic area code a------
050 00 - LIBRARY OF CONGRESS CALL NUMBER
Classification number HD2741
Item number .W327 2005
082 00 - DEWEY DECIMAL CLASSIFICATION NUMBER
Classification number DC 658.40095
Edition number 2005
Item number W15m
100 1# - MAIN ENTRY--PERSONAL NAME
Personal name Wallace, Peter,
Dates associated with a name 1965-
245 10 - TITLE STATEMENT
Title Mastering business in Asia :
Remainder of title corporate governance /
Statement of responsibility, etc. Peter Wallace, John Zinkin ; foreword by John Carver.
246 30 - VARYING FORM OF TITLE
Title proper/short title Corporate governance
260 ## - PUBLICATION, DISTRIBUTION, ETC. (IMPRINT)
Place of publication, distribution, etc. Singapore ;
-- Hoboken, NJ :
Name of publisher, distributor, etc. John Wiley & Sons (Asia),
Date of publication, distribution, etc. c2005.
300 ## - PHYSICAL DESCRIPTION
Extent xiv, 376 pages :
Other physical details illustrations ;
Dimensions 23 cm.
500 ## - GENERAL NOTE
General note Includes index.
650 #0 - SUBJECT ADDED ENTRY--TOPICAL TERM
Topical term or geographic name as entry element Corporate governance
Geographic subdivision Asia.
700 1# - ADDED ENTRY--PERSONAL NAME
Personal name Zinkin, John.
856 42 - ELECTRONIC LOCATION AND ACCESS
Materials specified Contributor biographical information
Uniform Resource Identifier <a href="http://www.loc.gov/catdir/enhancements/fy0626/2005273779-b.html">http://www.loc.gov/catdir/enhancements/fy0626/2005273779-b.html</a>
856 42 - ELECTRONIC LOCATION AND ACCESS
Materials specified Publisher description
Uniform Resource Identifier <a href="http://www.loc.gov/catdir/enhancements/fy0626/2005273779-d.html">http://www.loc.gov/catdir/enhancements/fy0626/2005273779-d.html</a>
856 41 - ELECTRONIC LOCATION AND ACCESS
Materials specified Table of contents only
Uniform Resource Identifier <a href="http://www.loc.gov/catdir/enhancements/fy0626/2005273779-t.html">http://www.loc.gov/catdir/enhancements/fy0626/2005273779-t.html</a>
906 ## - LOCAL DATA ELEMENT F, LDF (RLIN)
a 7
b cbc
c copycat
d 2
e ncip
f 20
g y-gencatlg
942 ## - ADDED ENTRY ELEMENTS (KOHA)
Source of classification or shelving scheme Dewey Decimal Classification
Koha item type Circulation
Holdings
Withdrawn status Lost status Source of classification or shelving scheme Damaged status Not for loan Collection code Home library Current library Date acquired Source of acquisition Total Checkouts Full call number Barcode Date last seen Price effective from Koha item type
    Dewey Decimal Classification     Circulation UM Digos College - LIC UM Digos College - LIC 07/19/2011 Photocopied   DC 658.40095 W15m 2005 21660 06/08/2021 08/24/2016 Circulation